| 000 | 00329nam a2200121Ia 4500 | ||
|---|---|---|---|
| 008 | 210430s9999 xx 000 0 und d | ||
| 082 | _a532.004 A617 A | ||
| 100 | _aRelease | ||
| 245 |
_aAnsys,Inc. Installation Guide for Windows _cRelease |
||
| 260 |
_aPhoto chopy _bPublished in USA _c2007 |
||
| 300 | _a74P | ||
| 942 |
_cBK _2ddc |
||
| 999 |
_c562952 _d562952 |
||